| 000 | 00645nam a2200205Ia 4500 | ||
|---|---|---|---|
| 003 | OSt | ||
| 005 | 20250214112654.0 | ||
| 008 | 210210b1999 xxu||||| |||| 00| 0 eng d | ||
| 040 | _cAL | ||
| 041 | _aKannada | ||
| 082 | _aK894.308 ASHE | ||
| 100 |
_aASHOKA (T P),Tr. _dಅಶೋಕ (ಟಿ. ಪಿ.) _9199665 |
||
| 245 |
_aEradu Rashyan nilgategalu. _bಎರಡು ರಷ್ಯನ್ ನೀಳ್ಗತೆಗಳು |
||
| 260 |
_aSagara _bAkshara Prakashana _c1999 |
||
| 300 | _a112 | ||
| 650 |
_aNikolai Gogol's Over coat Leo Tolstoy's Father Sergius _9199666 |
||
| 690 |
_aKannada Fiction _9199667 |
||
| 906 | _aSG03475 | ||
| 942 |
_2ddc _cBK |
||
| 999 |
_c113990 _d113990 |
||